000 00884nam a2200253 a 4500
001 000024253
005 20260326140254.0
008 110125s1981 mx a r 000 | spa d
040 _aDO-SdBNP
_bspa
_cBNPHU
041 1 7 _aeng
_hspa
_2Código de idioma MARC
082 _a331
_bF855e
100 1 _aFreeman, Richard B.
_949792
240 1 0 _aLabor economics.
_lEspañol
245 1 0 _aEconomía del trabajo /
_cRichard B. Freeman; traducción al español de Carlos Villegas García.
260 _aMéxico, D. F. :
_bN.O.E.M.A. Editores,
_c1981.
300 _a190 p. :
_bil. ;
_a21 cm.
500 _aIncluye notas y resumen
534 _aTítulo de la obra en ingles :
_tLabor economics
650 4 _aEconomía del trabajo
_949793
650 4 _aRelaciones laborales
_949794
650 0 _aContratos de trabajo
_916459
700 1 _aVillegas García, Carlos
_etr.
_947034
049 _aBNGR
999 _c23747
_d23747